LEADER 00923nam0-22003131i-450- 001 990007860800403321 005 20160408105136.0 010 $a88-8335-386-2 035 $a000786080 035 $aFED01000786080 035 $a(Aleph)000786080FED01 035 $a000786080 100 $a20040308d2003----km-y0itay50------ba 101 0 $aita 102 $aIT 105 $ay-------001yy 200 1 $aDesiderio e filosofia$eDescartes Hegel Freud Heidegger Sartre Kojeve Bataille Caillois Lacan Derrida$fa cura di Marcella D'Abbiero 210 $aMilano$cGuerini studio$d2003 215 $a222 p.$d23 cm 610 0 $aDesiderio 676 $a128.3$v21$zita 702 1$aD'Abbiero,$bMarcella 801 0$aIT$bUNINA$gRICA$2UNIMARC 901 $aBK 912 $a990007860800403321 952 $aP.1 9F DERR/S 6$bbibl.48242$fFLFBC 959 $aFLFBC 996 $aDesiderio e filosofia$9673805 997 $aUNINA LEADER 01560nas 2200349 n 450 001 990008993130403321 005 20240229084333.0 011 $a0022-4561 035 $a000899313 035 $aFED01000899313 035 $a(Aleph)000899313FED01 035 $a000899313 091 $2CNR$aP 00078235 100 $a20161109a19469999km-y0itaa50------ba 101 0 $aeng 110 $aauu-------- 200 1 $aJournal of soil and water conservation 207 1$a1946- 210 $aBaltimore$cSoil Conservation Society of America 530 0 $aJournal of soil and water conservation 676 $a631.4/5/05 712 02$aSoil Conservation Society of America 801 0$aIT$bACNP$c20090723 859 4 $uhttp://acnp.cib.unibo.it/cgi-ser/start/it/cnr/dc-p1.tcl?catno=51641&person=false&language=ITALIANO&libr=&libr_th=unina1$zBiblioteche che possiedono il periodico 901 $aSE 912 $a990008993130403321 958 $aBiblioteca del Dipartimento di Ingegneria Agraria e Agronomia del Territorio. Sez. Agronomia e coltivazioni$b1976-$fDAGAC 959 $aDAGAC 996 $aJournal of soil and water conservation$9794283 997 $aUNINA AP1 8 $6866-01$aNA218 Biblioteca del Dipartimento di Ingegneria Agraria e Agronomia del Territorio. Sez. Agronomia e coltivazioni$ev. Università, 100, 80055 Portici (NA)$m08125.39132/39123$nit AP2 40$aacnp.cib.unibo.it$nACNP Italian Union Catalogue of Serials$uhttp://acnp.cib.unibo.it/cgi-ser/start/it/cnr/df-p.tcl?catno=51641&language=ITALIANO&libr=&person=&B=1&libr_th=unina&proposto=NO